History Quiz

Random History or Biography Quiz
Score 0/12 Timer 02:00
0 Plays Today
Question Answer Wrong Answers
Was tutored by the great philosopher, Aristotle? Alexander the Great
94.3%
Catherine the Great
3.7%
Died at the young age of 32 and their death still remains a mystery to this day? Alexander the Great
92.1%
Catherine the Great
5.3%
Founded the Hermitage Museum after acquiring great pieces of art from artists such as Rembrandt, Rubens and Frans Hals from a art dealer? Catherine the Great
91.9%
Alexander the Great
5.8%
More than seventy cities bear their name? Alexander the Great
88.4%
Catherine the Great
9.6%
Voltaire was one their great friends? Catherine the Great
87.9%
Alexander the Great
9.6%
As a leader never lost a battle? Alexander the Great
87.4%
Catherine the Great
9.6%
Spoiled many lovers with high positions and large estates? Catherine the Great
86.1%
Alexander the Great
11.1%
Named a city in India after their horse? Alexander the Great
85.6%
Catherine the Great
11.9%
Came to power following a coup d'├ętat that they organised against their powerful ruling partner? Catherine the Great
79.4%
Alexander the Great
18%
Had a collection of over 44,000 books in their personal library? Catherine the Great
77%
Alexander the Great
21%
Due to a lack of heir, their empire was faught over in the War of the Successors and eventually split into three parts? Alexander the Great
74.8%
Catherine the Great
22.4%
Reigned over 34 years and expanded their empire by over 200,000 square miles? Catherine the Great
65.8%
Alexander the Great
32%
Remove Ads.
Support Sporcle.
Get the best of Sporcle when you Go Orange. This ad-free experience offers more features, more stats, and more fun while also helping to support Sporcle. Thank you for becoming a member.

You're not logged in!

Compare scores with friends on all Sporcle quizzes.
OR
Log In

Sporcle TV

Today on Sporcle TV


Watch our educational content, quiz creation guides, and fun videos on Sporcle TV.

Show Comments

Extras

Top Quizzes Today


Score Distribution

Paid Content

Your Account Isn't Verified!

In order to create a playlist on Sporcle, you need to verify the email address you used during registration. Go to your Sporcle Settings to finish the process.

Report this User

Report this user for behavior that violates our Community Guidelines.

Details: